Best of Akbar and Birbal/ (Record no. 197046)

MARC details
000 -LEADER
fixed length control field 00546nam a22001817a 4500
005 - DATE AND TIME OF LATEST TRANSACTION
control field 20230811161321.0
010 ## - LCCN (DPL NO)
LC control number B-755565 CHHN 25.5.23
020 ## - INTERNATIONAL STANDARD BOOK NUMBER
International Standard Book Number 9788181538987
Terms of availability 180.00
035 ## - SYSTEM CONTROL NUMBER
System control number B-755565
037 ## - SOURCE OF ACQUISITION
Source of stock number/acquisition Rainbow Books
082 ## - DEWEY DECIMAL CLASSIFICATION NUMBER
Classification number S
245 ## - TITLE STATEMENT
Title Best of Akbar and Birbal/
260 ## - PUBLICATION, DISTRIBUTION, ETC. (IMPRINT)
Place of publication, distribution, etc Delhi
Name of publisher, distributor, etc Rainbow Books
Date of publication, distribution, etc 2019
270 ## - ADDRESS
Address F-32, Street No. 12, Parwana Road, Jagat Puri
City Delhi
Postal code 110051
300 ## - PHYSICAL DESCRIPTION
Extent 96p.
Dimensions 21cm(hb)
942 ## - ADDED ENTRY ELEMENTS (KOHA)
Source of classification or shelving scheme Dewey Decimal Classification
Item type Children Books
Call number suffix BES
Classification part S
Holdings
Withdrawn status Lost status Not for loan Collection code Home library Current library Date acquired Source of acquisition Cost, normal purchase price Full call number Barcode Copy number Cost, replacement price Koha item type
      Fiction Central Library Central Library 11/08/2023 Gift/10.8.23 180.00 S BES B-755565 1 180.00 Children Books

© Delhi Public Library
Hit Counter
free hit counter